[Event "SR 3. liga A2 2006/2007"]
[Site "?"]
[Date "2007.03.11"]
[Round "10"]
[White "Zajicek, Ferdinand"]
[Black "Lajda, Dusan"]
[Result "1/2-1/2"]
[WhiteElo "1753"]
[BlackElo "1737"]
[Annotator "Vrbové - Gbely  /6/"]
[PlyCount "66"]
[EventDate "2006.??.??"]

1. e4 c5 2. Nf3 Nc6 3. Nc3 d6 4. Bc4 Nf6 5. h3 a6 6. a3 b5 7. Ba2 e6 8. d3 Be7
9. O-O Bb7 10. Re1 O-O 11. Ne2 Rc8 12. Be3 Qc7 13. Nf4 Nd8 14. Ng5 d5 15. exd5
Nxd5 16. Nxd5 exd5 17. Qh5 Bxg5 18. Bxg5 Qc6 19. Bxd8 Rcxd8 20. Re7 Rd7 21.
Rae1 g6 22. Qg4 Rxe7 23. Rxe7 Bc8 24. Qf4 c4 25. d4 Qb6 26. c3 Be6 27. h4 Qb8
28. Qf6 h5 29. Bb1 Re8 30. Bxg6 Rxe7 31. Qxe7 Qf4 32. Bxh5 Qc1+ 33. Kh2 Qf4+
1/2-1/2

[Event "SR 3. liga A2 2006/2007"]
[Site "?"]
[Date "2007.03.11"]
[Round "10"]
[White "Bjel, Jan"]
[Black "Papanek, Lubomir"]
[Result "1/2-1/2"]
[WhiteElo "1350"]
[BlackElo "1684"]
[Annotator "Vrbové - Gbely  /7/"]
[PlyCount "111"]
[EventDate "2006.??.??"]

1. e4 e6 2. d4 d5 3. Nd2 dxe4 4. Nxe4 Nd7 5. Nf3 Ndf6 6. Bd3 Nxe4 7. Bxe4 Nf6
8. Bg5 Be7 9. Bd3 h6 10. Bd2 c5 11. c3 Bd7 12. Ne5 cxd4 13. cxd4 Qb6 14. Nxd7
Nxd7 15. Qa4 a6 16. Bc3 Qd6 17. O-O O-O 18. a3 b5 19. Qb3 Nf6 20. Rfd1 Nd5 21.
Ba5 Bd8 22. Bc3 Bc7 23. g3 Rac8 24. Be4 Rfd8 25. Rac1 Qb6 26. Bb4 a5 27. Bc5
Qb7 28. Rc2 a4 29. Qf3 Ba5 30. Rdc1 Qd7 31. Qe2 f5 32. Bd3 Rb8 33. Qe5 Bc7 34.
Qe2 Re8 35. Qf3 g5 36. Bb4 g4 37. Qd1 Bd8 38. Bc3 Rc8 39. Qf1 Rb8 40. Bd2 Bg5
41. Bxg5 hxg5 42. Rc5 Re7 43. Rxb5 Rxb5 44. Bxb5 Qb7 45. Qe2 Nf6 46. Bxa4 Ne4
47. Rc2 Qd5 48. Bc6 Qxd4 49. Bxe4 Qxe4 50. Qxe4 fxe4 51. Re2 Rb7 52. Kf1 Kf7
53. Ke1 Kf6 54. Kd2 Rxb2+ 55. Ke3 Rb3+ 56. Kxe4 1/2-1/2

[Event "SR 3. liga A2 2006/2007"]
[Site "?"]
[Date "2007.03.13"]
[Round "10"]
[White "Brunovsky, Peter"]
[Black "Bjel, Tomas"]
[Result "1-0"]
[WhiteElo "1649"]
[BlackElo "1350"]
[Annotator "Vrbové - Gbely  /8/"]
[PlyCount "99"]
[EventDate "2006.??.??"]

1. d4 d5 2. Nf3 Nc6 3. Bf4 Bf5 4. c3 Nf6 5. e3 e6 6. Bd3 Bg4 7. Nbd2 Bd6 8. Qc2
Qe7 9. Bb5 a6 10. Qa4 O-O 11. Bxc6 bxc6 12. Qxc6 Bxf4 13. exf4 Rab8 14. b4 Rb6
15. Qa4 Ne4 16. Qc2 Bf5 17. Qc1 Rc6 18. Nxe4 Bxe4 19. Qe3 Rb6 20. O-O Ra8 21.
a4 a5 22. b5 c6 23. c4 Qb4 24. c5 Rbb8 25. b6 Bxf3 26. gxf3 Rb7 27. Rfc1 Re8
28. Qc3 Qxc3 29. Rxc3 f6 30. Re3 Kf7 31. Rae1 f5 32. Re5 h6 33. h4 h5 34. Kh2
Kf6 35. Rg1 Kf7 36. Rg5 g6 37. Re1 Kf6 38. Rgg1 Kf7 39. Rb1 Kf6 40. Rgc1 Kf7
41. Rg1 Kf6 42. Rg5 Kf7 43. Rbg1 Rg8 44. Kg2 Kf6 45. Kf1 Kf7 46. Ke2 Kf6 47.
Rxh5 Kg7 48. Rhg5 Kh6 49. h5 Rbg7 50. Rxg6+ 1-0

[Event "SR 3. liga A2 2006/2007"]
[Site "?"]
[Date "2007.03.11"]
[Round "10"]
[White "Kovacocy, Pavel"]
[Black "Hecko, Dusan"]
[Result "1/2-1/2"]
[WhiteElo "2266"]
[BlackElo "2142"]
[Annotator "Cífer - Osuské B  /1/"]
[PlyCount "33"]
[EventDate "2006.??.??"]

1. e4 c6 2. d4 d5 3. Nc3 dxe4 4. Nxe4 Bf5 5. Ng3 Bg6 6. h4 h6 7. Nf3 Nd7 8. h5
Bh7 9. Bd3 Bxd3 10. Qxd3 Qc7 11. Bd2 Ngf6 12. c4 e6 13. O-O-O Bd6 14. Ne4 Nxe4
15. Qxe4 Nf6 16. Qe2 Bf4 17. Ne5 $11 1/2-1/2

[Event "SR 3. liga A2 2006/2007"]
[Site "?"]
[Date "2007.03.11"]
[Round "10"]
[White "Pagerka, Martin"]
[Black "Cechovic, Stefan"]
[Result "1/2-1/2"]
[WhiteElo "1966"]
[BlackElo "2197"]
[Annotator "Cífer - Osuské B  /2/"]
[PlyCount "44"]
[EventDate "2006.??.??"]

1. e4 c5 2. Nf3 Nc6 3. d4 cxd4 4. Nxd4 g6 5. c4 Bg7 6. Be3 Nf6 7. Nc3 Ng4 8.
Qxg4 Nxd4 9. Qd1 Nc6 10. Rc1 d6 11. Be2 O-O 12. O-O Qa5 13. a3 Be6 14. Rc2 Rac8
15. Kh1 Ne5 16. Nd5 Bxd5 17. exd5 Qa4 18. Qc1 Rc7 19. b4 Rfc8 20. Rc3 Nd7 21.
Qc2 Qxc2 22. Rxc2 Nb6 1/2-1/2

[Event "SR 3. liga A2 2006/2007"]
[Site "?"]
[Date "2007.03.11"]
[Round "10"]
[White "Sarmir, Milos"]
[Black "Diviak, Rastislav"]
[Result "1/2-1/2"]
[WhiteElo "2159"]
[BlackElo "1958"]
[Annotator "Cífer - Osuské B  /3/"]
[PlyCount "109"]
[EventDate "2006.??.??"]

1. e4 c5 2. Nf3 d6 3. d4 cxd4 4. Nxd4 Nf6 5. Nc3 a6 6. Be2 e6 7. O-O Be7 8. Kh1
O-O 9. f4 Qc7 10. Be3 b5 11. a3 Bb7 12. Bf3 Nbd7 13. Nde2 Nc5 14. Ng3 Rac8 15.
f5 d5 16. Bxc5 Qxc5 17. fxe6 fxe6 18. exd5 Nxd5 19. Qe1 Kh8 20. Qxe6 Nf4 21.
Qg4 Bxf3 22. Rxf3 Ng6 23. Raf1 Rxf3 24. Qxf3 Rf8 25. Qd5 Rxf1+ 26. Nxf1 Qf2 27.
Qd1 Bc5 28. Ng3 Nh4 29. Qf1 Qxc2 30. Nge4 Be7 31. g3 Ng6 32. Qe2 Qxe2 33. Nxe2
Ne5 34. Nf4 Nc4 35. Nd3 Kg8 36. Kg2 Kf7 37. Kf3 Ke6 38. Nec5+ Bxc5 39. Nxc5+
Kd5 40. Nxa6 Nxb2 41. Kf4 Nc4 42. Nc7+ Kc6 43. Ne6 Nxa3 44. Ke4 Kd6 45. Nxg7
Ke7 46. Nf5+ Kf6 47. Ne3 Nc4 48. Nd5+ Kg5 49. h3 h5 50. Kd4 Nd6 51. Ke3 Nf5+
52. Kf2 Nd4 53. h4+ Kf5 54. Nb4 Kg4 55. Nd5 $11 1/2-1/2

[Event "SR 3. liga A2 2006/2007"]
[Site "?"]
[Date "2007.03.11"]
[Round "10"]
[White "Pericka, Tomas"]
[Black "Vagovsky, Jozef"]
[Result "1/2-1/2"]
[WhiteElo "1913"]
[BlackElo "2034"]
[Annotator "Cífer - Osuské B  /4/"]
[PlyCount "123"]
[EventDate "2006.??.??"]

1. e4 e6 2. Nf3 d5 3. exd5 exd5 4. d4 Bd6 5. Bd3 Ne7 6. Nc3 Bg4 7. h3 Bh5 8.
Be3 Nd7 9. g4 Bg6 10. h4 c6 11. h5 Bxd3 12. Qxd3 Qc7 13. O-O-O f6 14. g5 f5 15.
g6 h6 16. Nh4 f4 17. Bd2 Rf8 18. f3 O-O-O 19. Rde1 Rf6 20. Nd1 c5 21. Nf2 cxd4
22. Ng4 Ne5 23. Rxe5 Bxe5 24. Nxf6 Bxf6 25. Nf5 Nc6 26. Nxh6 Ne5 27. Qf5+ Rd7
28. Ng4 d3 29. c3 Qa5 30. Nxe5 Bxe5 31. Qxe5 Qxa2 32. Qe8+ Rd8 33. Qe6+ Rd7 34.
Bxf4 Qa1+ 35. Kd2 Qxh1 36. Qe8+ Rd8 37. Qe5 Qg2+ 38. Kxd3 Qxf3+ 39. Kd2 Qf2+
40. Kc1 Qg1+ 41. Kc2 Qf2+ 42. Kb1 Qf1+ 43. Ka2 Qa6+ $11 44. Kb1 Qd3+ 45. Kc1
Qf1+ 46. Kd2 Qf2+ 47. Kd3 Qf3+ 48. Kd4 Qe4+ 49. Qxe4 dxe4+ 50. Kxe4 Kd7 51. Be5
Rh8 52. Bxg7 Rxh5 53. Bd4 b6 54. g7 Rg5 55. Kf4 Rg2 56. b4 Ke6 57. Ke4 Rg4+ 58.
Kd3 Kf7 59. Kc4 Rg5 60. Kd3 Rg6 61. Ke4 Rg5 62. Kd3 $11 1/2-1/2

[Event "SR 3. liga A2 2006/2007"]
[Site "?"]
[Date "2007.03.11"]
[Round "10"]
[White "Liptak, Tomas"]
[Black "Hanzluvka, Peter"]
[Result "1-0"]
[WhiteElo "1970"]
[BlackElo "2042"]
[Annotator "Cífer - Osuské B  /5/"]
[PlyCount "63"]
[EventDate "2006.??.??"]

1. e4 c5 2. Nf3 d6 3. d4 cxd4 4. Nxd4 Nf6 5. Nc3 a6 6. Be3 e6 7. Be2 Be7 8. f4
Qc7 9. O-O O-O 10. a4 Nc6 11. Nb3 b6 12. Bf3 Bb7 13. Qe1 Nd7 14. Kh1 Rac8 15.
Rd1 Nb4 16. Qf2 Bf6 17. Nd4 Nc5 18. g4 Nc6 19. g5 Bxd4 20. Bxd4 Nxd4 21. Qxd4
Rfd8 22. f5 exf5 23. exf5 Bxf3+ 24. Rxf3 Qc6 25. Nd5 Re8 26. f6 Ne6 27. Qh4
Qxc2 28. Rdf1 Rc4 29. Qh5 Qg6 30. Ne7+ Rxe7 31. fxe7 Qxh5 32. e8=Q+ 1-0

[Event "SR 3. liga A2 2006/2007"]
[Site "?"]
[Date "2007.03.11"]
[Round "10"]
[White "Blazkova, Barbora"]
[Black "Vlkovic, Pavol"]
[Result "0-1"]
[WhiteElo "1960"]
[BlackElo "1924"]
[Annotator "Cífer - Osuské B  /6/"]
[PlyCount "54"]
[EventDate "2006.??.??"]

1. d4 e6 2. c4 f5 3. Nc3 Nf6 4. Nf3 d5 5. e3 c6 6. Be2 Bd6 7. O-O O-O 8. Qc2
Ne4 9. cxd5 exd5 10. Bd3 Qe8 11. Qb3 Kh8 12. Bd2 Nd7 13. Ne2 Ndf6 14. Bb4 Bxb4
15. Qxb4 g5 16. Ne5 Nh5 17. f3 Nef6 18. g4 Ng7 19. Ng3 Nd7 20. Nxf5 Nxe5 21.
dxe5 Bxf5 22. gxf5 Qxe5 23. e4 Nh5 24. Rae1 Nf4 25. Bc2 Qg7 26. Qc3 d4 27. Qc5
g4 0-1

[Event "SR 3. liga A2 2006/2007"]
[Site "?"]
[Date "2007.03.11"]
[Round "10"]
[White "Hrusovsky, Jan"]
[Black "Skapik, Branislav"]
[Result "1/2-1/2"]
[WhiteElo "1767"]
[BlackElo "1800"]
[Annotator "Cífer - Osuské B  /7/"]
[PlyCount "38"]
[EventDate "2006.??.??"]

1. e4 c6 2. d4 d5 3. e5 Bf5 4. Bd3 Bxd3 5. Qxd3 e6 6. Nf3 Nd7 7. O-O c5 8. c3
h6 9. Be3 c4 10. Qc2 Ne7 11. Re1 Ng6 12. Nbd2 b5 13. b4 a5 14. a3 Be7 15. Nf1
Nh4 16. Nxh4 Bxh4 17. g3 Bg5 18. f4 Be7 19. Ra2 O-O 1/2-1/2

[Event "SR 3. liga A2 2006/2007"]
[Site "?"]
[Date "2007.03.11"]
[Round "10"]
[White "Cajka, Tibor"]
[Black "Olos, Stanislav"]
[Result "1-0"]
[WhiteElo "1784"]
[BlackElo "1550"]
[Annotator "Cífer - Osuské B  /8/"]
[PlyCount "156"]
[EventDate "2006.??.??"]

1. e4 e5 2. Nf3 Nc6 3. Bb5 a6 4. Ba4 d6 5. O-O b5 6. Bb3 Na5 7. h3 Nxb3 8. axb3
Be7 9. d4 exd4 10. Nxd4 Bb7 11. Re1 Nf6 12. Bg5 Nd7 13. Bxe7 Qxe7 14. Nc3 O-O
15. Nd5 Qd8 16. Re3 Bxd5 17. exd5 Ne5 18. Rg3 Qf6 19. Qd2 Rfe8 20. Qa5 Ng6 21.
Qd2 Qf4 22. Qxf4 Nxf4 23. c4 bxc4 24. bxc4 Ne2+ 25. Nxe2 Rxe2 26. b3 Rb2 27.
Re3 Kf8 28. g3 g6 29. Kg2 Re8 30. Rf3 Ra8 31. g4 a5 32. Rc3 Ke7 33. g5 Kd7 34.
Kg3 Rb8 35. Ra3 Ra8 36. h4 Rb1 37. Kg4 Rg1+ 38. Kh3 Rh1+ 39. Kg3 Rg1+ 40. Kh2
Rb1 41. h5 Rb2 42. Kg2 Ke7 43. hxg6 hxg6 44. Ra1 Re2 45. Rcc1 Re5 46. f4 Re3
47. Re1 Rxe1 48. Rxe1+ Kf8 49. Ra1 Ke7 50. Kf3 Rb8 51. Ra3 f6 52. gxf6+ Kxf6
53. Kg4 Rb6 54. Rxa5 Rxb3 55. Ra7 Rd3 56. Rxc7 Rd4 57. Rc6 Ke7 58. Kg5 Kd7 59.
Kg4 Rd3 60. Ra6 Rd4 61. Ra4 Kc7 62. Rb4 Rd3 63. Kh4 Rd2 64. Kg3 Rd4 65. Kf3 Rd1
66. Rb2 Rc1 67. Rg2 Rxc4 68. Rxg6 Kd7 69. Kg4 Ke7 70. Rg7+ Kd8 71. Kf5 Rd4 72.
Ke6 Rxf4 73. Kxd6 Rf6+ 74. Ke5 Ra6 75. d6 Ra5+ 76. Ke6 Kc8 77. d7+ Kc7 78. Rg8
Ra6+ 1-0

[Event "SR 3. liga A2 2006/2007"]
[Site "?"]
[Date "2007.03.25"]
[Round "11"]
[White "Janko, Ladislav"]
[Black "Pobjecky, Ivan"]
[Result "1-0"]
[WhiteElo "2180"]
[BlackElo "2048"]
[Annotator "Gabcíkovo - Piestany B  /1/"]
[PlyCount "41"]
[EventDate "2006.??.??"]

1. e4 c5 2. Nf3 Nc6 3. d4 cxd4 4. Nxd4 Nf6 5. Nc3 d6 6. Be2 a6 7. Be3 g6 8. O-O
Bg7 9. f4 O-O 10. Nb3 Qc7 11. g4 e6 12. g5 Nd7 13. Qd2 Rd8 14. Bg4 Nc5 15. Qf2
Ne7 16. Nxc5 dxc5 17. Bxc5 Re8 18. Rad1 Bd7 19. Bd6 Qc6 20. e5 Rac8 21. Bf3 1-0

[Event "SR 3. liga A2 2006/2007"]
[Site "?"]
[Date "2007.03.25"]
[Round "11"]
[White "Gono, Pavol"]
[Black "Sulek, Viliam"]
[Result "1/2-1/2"]
[WhiteElo "2009"]
[BlackElo "2202"]
[Annotator "Gabcíkovo - Piestany B  /2/"]
[PlyCount "94"]
[EventDate "2006.??.??"]

1. e4 c5 2. Nf3 Nc6 3. d4 cxd4 4. Nxd4 e5 5. Ne2 Nf6 6. Nbc3 Bb4 7. Bd2 O-O 8.
g3 d6 9. Bg2 Bg4 10. O-O Bc5 11. Kh1 a6 12. Nd5 Nxd5 13. exd5 Ne7 14. b4 Ba7
15. c4 f5 16. f3 Bh5 17. Qb3 Kh8 18. Be3 Bxe3 19. Qxe3 b5 20. Qd3 bxc4 21. Qxc4
Qb6 22. Qh4 Qb5 23. Qxe7 Qxe2 24. Qxd6 Rfd8 25. Qe6 Rac8 26. Rfe1 Qf2 27. Rf1
Qe2 28. Rfe1 Qf2 29. Qxf5 Rc2 30. Rg1 Bg6 31. Qxe5 Re8 32. Qf4 h6 33. d6 Rd2
34. Raf1 Qe2 35. Rc1 Kh7 36. Qc4 Qxc4 37. Rxc4 Rxd6 38. Bf1 Rd2 39. Rc3 Rxa2
40. Bc4 Rb2 41. Rg2 Rb1+ 42. Rg1 Rxb4 43. Bxa6 Ra8 44. Rc6 Rd8 45. Re1 Ra4 46.
Bb5 Rb4 47. Ba6 Ra4 1/2-1/2

[Event "SR 3. liga A2 2006/2007"]
[Site "?"]
[Date "2007.03.25"]
[Round "11"]
[White "Janko, Michal"]
[Black "Curidlo, Jan"]
[Result "1-0"]
[WhiteElo "2083"]
[BlackElo "2084"]
[Annotator "Gabcíkovo - Piestany B  /3/"]
[PlyCount "43"]
[EventDate "2006.??.??"]

1. e4 c5 2. Nf3 d6 3. d4 cxd4 4. Nxd4 Nf6 5. Nc3 a6 6. Be2 e6 7. O-O Be7 8. f4
Qc7 9. Be3 O-O 10. a4 Nbd7 11. g4 Rd8 12. g5 Ne8 13. Bd3 g6 14. Qg4 Ng7 15. Qh4
f5 16. exf5 gxf5 17. Nxe6 Nxe6 18. Nd5 Qa5 19. Nxe7+ Kh8 20. Ng6+ Kg8 21. Ne7+
Kh8 22. g6 1-0

[Event "SR 3. liga A2 2006/2007"]
[Site "?"]
[Date "2007.03.25"]
[Round "11"]
[White "Slaby, Jozef"]
[Black "Puobis, Jozef"]
[Result "1-0"]
[WhiteElo "1781"]
[BlackElo "2043"]
[Annotator "Gabcíkovo - Piestany B  /3/"]
[PlyCount "89"]
[EventDate "2006.??.??"]

1. d4 d5 2. c4 e6 3. Nc3 Nf6 4. Nf3 c6 5. e3 Nbd7 6. Be2 Qc7 7. O-O Be7 8. b3
Ne4 9. Bb2 f5 10. Rc1 O-O 11. cxd5 Nxc3 12. Rxc3 exd5 13. Qc1 Qd6 14. Rc2 a5
15. Bd3 a4 16. bxa4 Rxa4 17. a3 Ra8 18. Qb1 Qf6 19. Rc3 Nb6 20. Rb3 Na4 21. Bc1
Bd6 22. Qc2 Qe7 23. Ne5 Bxe5 24. dxe5 Qxe5 25. Rb4 Nc3 26. Bb2 Ne2+ 27. Qxe2
Qe7 28. h3 c5 29. Rf4 Be6 30. Re1 c4 31. Bc2 Qc7 32. Qd2 b5 33. Qd4 Rf7 34. g4
fxg4 35. Rxf7 Qxf7 36. hxg4 Ra7 37. Kg2 h5 38. Qf4 Qxf4 $11 39. exf4 Bxg4 40.
Re5 b4 41. Bg6 Bd7 42. axb4 Bc6 43. Kg3 c3 44. Bxc3 Ra3 45. Re3 1-0

[Event "SR 3. liga A2 2006/2007"]
[Site "?"]
[Date "2007.03.25"]
[Round "11"]
[White "Kantor, Reka"]
[Black "Gono, Michal"]
[Result "0-1"]
[WhiteElo "1786"]
[BlackElo "1593"]
[Annotator "Gabcíkovo - Piestany B  /5/"]
[PlyCount "120"]
[EventDate "2006.??.??"]

1. Nf3 Nf6 2. c4 c5 3. Nc3 Nc6 4. g3 g6 5. Bg2 Bg7 6. O-O e5 7. d3 d5 8. cxd5
Nxd5 9. Nxd5 Qxd5 10. Ng5 Qd6 11. Ne4 Qe7 12. Be3 Nd4 13. Rc1 b6 14. Nxc5 Rb8
15. Ne4 O-O 16. Nc3 Qb4 17. b3 Be6 18. Bd2 Nb5 19. Nxb5 Qxb5 20. Rc7 Qa6 21. a4
Rfc8 22. Rc1 b5 23. axb5 Qxb5 24. b4 Rxc1 25. Qxc1 Bf8 26. Qc7 a6 27. Bc6 Qb6
28. Qxe5 Qxc6 29. Bc3 f6 30. Qxf6 Bd5 31. Qh8+ Kf7 32. e4 Bb3 33. Qxh7+ Ke8 34.
Rc1 Rd8 35. Bb2 Qe6 36. d4 Bxb4 37. Qh8+ Bf8 38. Ba3 Qg8 39. Qe5+ Qe6 40. Qxe6+
Bxe6 41. Bxf8 Kxf8 42. d5 Bf7 43. f4 Kg7 44. Kf2 Ra8 45. Ke3 a5 46. Kd4 a4 47.
Ra1 Be8 48. e5 a3 49. d6 Bd7 50. Kc5 a2 51. Kb6 Be6 52. Kc6 Rc8+ 53. Kb7 Rc2
54. h4 Kf7 55. Kb6 Ke8 56. Kb7 Kd7 57. Kb6 Rb2+ 58. Kc5 Rb1 59. Rxa2 Bxa2 60.
g4 Rf1 0-1

[Event "SR 3. liga A2 2006/2007"]
[Site "?"]
[Date "2007.03.25"]
[Round "11"]
[White "Gubis, Vladimir"]
[Black "Bott, Tamas"]
[Result "1-0"]
[WhiteElo "1783"]
[BlackElo "1902"]
[Annotator "Gabcíkovo - Piestany B  /6/"]
[PlyCount "135"]
[EventDate "2006.??.??"]

1. d4 Nf6 2. c4 e5 3. e3 Bb4+ 4. Bd2 Bxd2+ 5. Qxd2 exd4 6. exd4 O-O 7. Nc3 d5
8. cxd5 Nxd5 9. Nge2 Re8 10. h3 Nc6 11. g3 Bf5 12. Bg2 Ncb4 13. Kf1 Qf6 14. Bf3
Bd3 15. Kg2 Bxe2 16. Nxe2 Rad8 17. a3 Nc6 18. Rad1 Qg6 19. Rhe1 Nce7 20. Nf4
Nxf4+ 21. Qxf4 Qb6 22. Rd2 Ng6 23. Rxe8+ Rxe8 24. Qf5 c6 25. h4 Ne7 26. Qd7 Kf8
27. Re2 a6 28. d5 cxd5 29. Bxd5 Qd4 30. Bc6 Qxd7 31. Bxd7 Rd8 32. Bg4 a5 33.
Rc2 b6 34. Be2 g6 35. Kf1 Rc8 36. Rd2 Kg7 37. Ba6 Rc5 38. Ke2 Re5+ 39. Kd1 Kf6
40. Bc4 b5 41. Ba2 h5 42. Rd6+ Kg7 43. Kd2 Rf5 44. Ke2 Rc5 45. Rd2 Nc6 46. Ke3
Re5+ 47. Kf3 Ne7 48. Re2 Rxe2 49. Kxe2 f5 50. Ke3 Kf6 51. Kd4 g5 52. Kc5 gxh4
53. gxh4 b4 54. axb4 axb4 55. Kxb4 Ng6 56. Kc5 Nxh4 57. Bd5 Ng6 58. Kd6 h4 59.
b4 Ne7 60. Bh1 Nc8+ 61. Kc5 Ke6 62. Bg2 Nd6 63. Kc6 Ke5 64. f4+ Ke6 65. b5 Nxb5
66. Kxb5 h3 67. Bxh3 Kd5 68. Bxf5 1-0

[Event "SR 3. liga A2 2006/2007"]
[Site "?"]
[Date "2007.03.25"]
[Round "11"]
[White "Kosar, Mikulas ml"]
[Black "Siska, Michal"]
[Result "1-0"]
[WhiteElo "1951"]
[BlackElo "1632"]
[Annotator "Gabcíkovo - Piestany B  /7/"]
[PlyCount "107"]
[EventDate "2006.??.??"]

1. e4 e6 2. Nc3 Bb4 3. Nce2 Nf6 4. c3 Be7 5. e5 Nd5 6. d4 Nb6 7. Nf3 d5 8. Ng3
a6 9. Bd3 c5 10. O-O c4 11. Bc2 Bd7 12. h3 Nc6 13. b4 a5 14. b5 Na7 15. a4 g6
16. Bh6 Bf8 17. Bg5 Be7 18. Qd2 Bxg5 19. Nxg5 Qe7 20. Qf4 h6 21. Nf3 O-O-O 22.
Nh2 h5 23. Nf3 Rdg8 24. Ng5 Be8 25. h4 Rf8 26. Qc1 Nd7 27. b6 Nc6 28. f4 Rfg8
29. Qb2 Nf8 30. Qb5 Nh7 31. f5 Nxg5 32. f6 Qf8 33. hxg5 h4 34. Ne2 Nxd4 35.
Qxa5 Nxe2+ 36. Kf2 Bc6 37. Kxe2 Rh5 38. Rae1 Rxg5 39. Kf2 Rh8 40. Rh1 Qd8 41.
Kg1 h3 42. Rh2 Rxg2+ 43. Rxg2 hxg2 44. Kxg2 d4+ 45. Be4 Bxe4+ 46. Rxe4 Qd5 47.
Qxd5 exd5 48. Rxd4 Rd8 49. Kf3 Rd7 50. Kf4 Kd8 51. e6 fxe6 52. Ke5 Ke8 53. Kxe6
Rd8 54. Rh4 1-0

[Event "SR 3. liga A2 2006/2007"]
[Site "?"]
[Date "2007.03.25"]
[Round "11"]
[White "Sedlak, Rastislav"]
[Black "Kosar, Mikulas st"]
[Result "1/2-1/2"]
[WhiteElo "1523"]
[BlackElo "1981"]
[Annotator "Gabcíkovo - Piestany B  /8/"]
[PlyCount "46"]
[EventDate "2006.??.??"]

1. e4 e5 2. Nf3 Nf6 3. Nc3 d6 4. h3 h6 5. Bb5+ Bd7 6. Bxd7+ Nbxd7 7. d3 Be7 8.
Be3 c5 9. O-O a6 10. a3 O-O 11. Nh4 Nh7 12. Nf5 Nb6 13. Qg4 Bg5 14. h4 Nf6 15.
Qg3 Nh5 16. Qf3 Bxe3 17. Qxe3 Kh7 18. Qf3 g6 19. g3 Qf6 20. Qg4 Rg8 21. Ne3 Qd8
22. Ned5 Nxd5 23. Nxd5 Nf6 1/2-1/2

[Event "SR 3. liga A2 2006/2007"]
[Site "?"]
[Date "2007.03.25"]
[Round "11"]
[White "Kozinka, Roman"]
[Black "Provaznik, Michal"]
[Result "0-1"]
[WhiteElo "1999"]
[BlackElo "2176"]
[Annotator "Trnava C - Holíc  /1/"]
[PlyCount "44"]
[EventDate "2006.??.??"]

1. e4 c5 2. Nf3 e6 3. d4 cxd4 4. Nxd4 a6 5. Be2 Nf6 6. Nc3 d6 7. O-O Be7 8. Be3
O-O 9. f4 Nbd7 10. Bf3 Qc7 11. Qe1 Rb8 12. a4 Re8 13. Qf2 b6 14. g4 e5 15. Nf5
d5 16. Nxe7+ Rxe7 17. g5 d4 18. gxf6 dxe3 19. Qxe3 Nxf6 20. fxe5 Qxe5 21. Bg2
Bb7 22. Rf5 Qxf5 0-1

[Event "SR 3. liga A2 2006/2007"]
[Site "?"]
[Date "2007.03.25"]
[Round "11"]
[White "Horak, Ivan"]
[Black "Bukovsky, Milan"]
[Result "1-0"]
[WhiteElo "2127"]
[BlackElo "2036"]
[Annotator "Trnava C - Holíc  /2/"]
[PlyCount "119"]
[EventDate "2006.??.??"]

1. e4 e5 2. Nf3 Nc6 3. Bb5 Nf6 4. d4 exd4 5. O-O Be7 6. Re1 O-O 7. e5 Ne8 8. c3
dxc3 9. Nxc3 Bb4 10. Bg5 Be7 11. Bxe7 Nxe7 12. Ne4 d5 13. exd6 Nxd6 14. Nxd6
cxd6 15. Qe2 Nc6 16. Qe4 Bd7 17. Bd3 g6 18. Qf4 Ne5 19. Nxe5 dxe5 20. Rxe5 Bc6
21. Bc4 Kg7 22. Rae1 Qf6 23. Qxf6+ Kxf6 24. f4 Rae8 25. g4 Rxe5 26. Rxe5 h6 27.
h4 Rd8 28. g5+ hxg5 29. hxg5+ Kg7 30. Re7 Rd7 31. Rxd7 Bxd7 32. Kf2 f6 33. Ke3
fxg5 34. fxg5 Kf8 35. Kd4 Ke7 36. Bd3 Be6 37. a3 Bf7 38. Ke5 Be8 39. Be4 b6 40.
Kd5 Kd7 41. Bd3 Bf7+ 42. Ke5 Ke7 43. Bb5 Bb3 44. Bc6 Bf7 45. b4 Bb3 46. Be4 Bf7
47. Bd3 Be8 48. Kd5 a5 49. Bc2 axb4 50. axb4 Bf7+ 51. Kc6 Be8+ 52. Kxb6 Ke6 53.
Kc7 Ke5 54. Kd8 Bb5 55. Ke7 Kd4 56. Bxg6 Kc3 57. Be8 Bd3 58. b5 Kd4 59. b6 Be4
60. g6 1-0

[Event "SR 3. liga A2 2006/2007"]
[Site "?"]
[Date "2007.03.25"]
[Round "11"]
[White "Krist, Milan"]
[Black "Kovarik, Oto"]
[Result "1-0"]
[WhiteElo "2039"]
[BlackElo "2050"]
[Annotator "Trnava C - Holíc  /3/"]
[PlyCount "73"]
[EventDate "2006.??.??"]

1. d4 d5 2. Nf3 e6 3. c4 Nf6 4. Nc3 h6 5. e3 b6 6. Bd3 Bb7 7. O-O dxc4 8. Bxc4
Be7 9. Qe2 O-O 10. Rd1 c6 11. e4 Nbd7 12. h3 Re8 13. Bf4 Nf8 14. Rac1 Ng6 15.
Bh2 Bf8 16. Ne5 Nxe5 17. Bxe5 Nd7 18. Bg3 Qe7 19. e5 b5 20. Bb3 Qd8 21. Qg4 Be7
22. Bf4 Kh8 23. Qh5 Kg8 24. Rd3 Bg5 25. Bxg5 hxg5 26. Rg3 Nf8 27. Rd1 Nh7 28.
Ne4 g6 29. Qe2 Qe7 30. Qe3 Rad8 31. Nxg5 Nxg5 32. Rxg5 Kg7 33. Bc2 Rd7 34. Qg3
c5 35. Bxg6 fxg6 36. Rxg6+ Kh7 37. Qg4 1-0

[Event "SR 3. liga A2 2006/2007"]
[Site "?"]
[Date "2007.03.25"]
[Round "11"]
[White "Sefcik, Marek"]
[Black "Bahna, Jan"]
[Result "1/2-1/2"]
[WhiteElo "1974"]
[BlackElo "1978"]
[Annotator "Trnava C - Holíc  /4/"]
[PlyCount "53"]
[EventDate "2006.??.??"]

1. Nc3 e5 2. Nf3 Nc6 3. d4 exd4 4. Nxd4 Nf6 5. Bg5 Nxd4 6. Qxd4 Be7 7. e4 d6 8.
O-O-O O-O 9. Bc4 a6 10. f3 b5 11. Be2 Bb7 12. e5 Ne8 13. Bxe7 Qxe7 14. exd6
Nxd6 15. Bd3 Rad8 16. Qc5 h6 17. Be4 Qg5+ 18. Qxg5 hxg5 19. Bxb7 Nxb7 20. Ne4
f6 21. Rxd8 Rxd8 22. Rd1 Kf7 $11 23. Rxd8 Nxd8 24. Nc5 a5 25. a4 c6 26. b3 Ke7
27. Kd2 $11 1/2-1/2

[Event "SR 3. liga A2 2006/2007"]
[Site "?"]
[Date "2007.03.25"]
[Round "11"]
[White "Hagara, Vladimir"]
[Black "Bilovsky, Milan"]
[Result "1-0"]
[WhiteElo "1975"]
[BlackElo "1880"]
[Annotator "Trnava C - Holíc  /5/"]
[PlyCount "99"]
[EventDate "2006.??.??"]

1. c4 c5 2. Nc3 Nc6 3. g3 g6 4. Bg2 Bg7 5. e3 e5 6. Nge2 d6 7. O-O Nge7 8. b3
O-O 9. Bb2 Bf5 10. d3 Qd7 11. Nd5 Nxd5 12. cxd5 Ne7 13. Re1 Rac8 14. Qd2 Bh3
15. Bh1 f5 16. f4 b5 17. Rac1 Rc7 18. Rc2 Nc8 19. Bf3 Nb6 20. Rec1 Rfc8 21. e4
Qf7 22. fxe5 fxe4 23. Bxe4 Nxd5 24. Bxd5 Qxd5 25. Nf4 Bh6 26. Nxd5 Bxd2 27.
Rxd2 Rc6 28. Ne7+ Kf7 29. Nxc8 Rxc8 30. Rf2+ Ke7 31. Re1 d5 32. Rf6 Bf5 33. e6
Bxd3 34. Rf7+ Kd6 35. Rd7+ Kc6 36. Rxh7 Be4 37. e7 Re8 38. Bf6 c4 39. bxc4 bxc4
40. Rh8 Kd7 41. Rxe8 Kxe8 42. Kf2 c3 43. Ke3 c2 44. Bg5 a6 45. Kd4 a5 46. Rf1
Bf5 47. Rxf5 gxf5 48. Kxd5 a4 49. Kd6 a3 50. h4 1-0

[Event "SR 3. liga A2 2006/2007"]
[Site "?"]
[Date "2007.03.25"]
[Round "11"]
[White "Holly, Milan"]
[Black "Klanica, Anton"]
[Result "0-1"]
[WhiteElo "1776"]
[BlackElo "1927"]
[Annotator "Trnava C - Holíc  /6/"]
[PlyCount "66"]
[EventDate "2006.??.??"]

1. Nf3 Nf6 2. b3 d6 3. Bb2 e5 4. e3 Bg4 5. Be2 Nbd7 6. c4 Be7 7. Nc3 O-O 8. O-O
a6 9. d4 exd4 10. Qxd4 Be6 11. Ng5 Ne8 12. Nxe6 fxe6 13. Bg4 Rf6 14. Ne4 Rh6
15. Rad1 Ne5 16. Bh3 Rxh3 17. f4 Nc6 18. Qc3 Rh6 19. g4 Bf6 20. Nxf6+ Qxf6 21.
Qd2 Qg6 22. Rf3 Qe4 23. Rg3 Rd8 24. g5 Rh5 25. Qe2 g6 26. Rg4 Rh3 27. Rg3 Rxg3+
28. hxg3 Rd7 29. c5 d5 30. Kf2 Ng7 31. Qd2 Rf7 32. a3 Ne7 33. Be5 Qxe5 0-1